| 000 | 01495nam a2200301Ia 4500 | ||
|---|---|---|---|
| 003 | OSt | ||
| 005 | 20200930215050.0 | ||
| 008 | 191128s2005 ck ao gr 000 0 spa d | ||
| 020 | _a9789583013119 | ||
| 040 |
_aCO-JMCR _cCO-JMCR |
||
| 041 | 0 | _aspa | |
| 082 | 0 | 4 |
_a927.7 / _bF634m _223 |
| 100 | 1 |
_aFlórez Góngora, Miguel Ángel, _eautor _911070 |
|
| 245 | 1 | 0 |
_aMario Moreno "Cantinflas" : _bel filósofo de la risa / _cMiguel Ángel Flórez Góngora |
| 250 | _aPrimera edición | ||
| 260 | _aBogotá | ||
| 260 | _bPanamericana | ||
| 260 | _c2005 | ||
| 300 |
_a128 páginas, [8] páginas de láminas sin numerar : _bfotografías a blanco y negro ; _c21 cm. _e |
||
| 490 | 0 | _a100 personajes autores | |
| 505 | 0 | _aUn "intruso" en la corte de los payasos -- Sketches para olvidar tristezas -- Vespertinas para soñar a Cantinflas -- La risa o de lo "improbable elevado a lo posible" -- Cantinflas: un bufón en la lengua de Cervantes -- Noche de ronda -- Abajo el telón | |
| 520 | 3 | _a"El mejor trofeo de la vida es reírse". De ese modo pensaba Cantinflas, uno de los mejores cómicos del cine en el siglo XX. Una actor versátil dotado de un habilidad interpretativa extraordinaria y una genialidad sorprendente para seducir con su espíritu. | |
| 600 | 1 | 4 |
_aMoreno, Mario, _xbiografías _y1911-1993 _911071 |
| 650 | 1 | 4 |
_aActores mexicanos _xbiografías _911072 |
| 650 | 1 | 4 |
_aCómicos mexicanos _xbiografías _911073 |
| 650 | 1 | 4 |
_aCine mexicano _xbiografías _911074 |
| 942 |
_2ddc _cBK |
||
| 999 |
_c3249 _d3249 |
||